000
00318nam a22001457a 4500
008
221012b ||||| |||| 00| 0 eng d
020
_a
978053800082
041
_a
eng
080
_2
2D EDITION
_a
330
082
_a
330.BOY
100
_a
23.1
101
_a
ECO
245
_a
ACROECONOMICS
_c
BOYES W
942
_2
udc
_c
BK
999
_c
58517
_d
58517